header

After the rescue (Record no. 212339)

MARC details
000 -LEADER
fixed length control field 01652nam a22004094a 4500
082 04 - DEWEY DECIMAL CLASSIFICATION NUMBER
Classification number 948.9/13004924
100 1# - MAIN ENTRY--AUTHOR NAME
Personal name Buckser, Andrew,
245 10 - TITLE STATEMENT
Title After the rescue
250 ## - EDITION STATEMENT
Edition statement 1st ed.
260 ## - PUBLICATION, DISTRIBUTION, ETC. (IMPRINT)
Place of publication New York, N.Y. :
Name of publisher Palgrave Macmillan,
Year of publication 2003.
300 ## - PHYSICAL DESCRIPTION
Number of Pages xi, 271 p.
490 1# - SERIES STATEMENT
Series statement Contemporary anthropology of religion
650 #0 - SUBJECT ADDED ENTRY--TOPICAL TERM
Topical Term Jews
Topical Term Jews
Topical Term Jews
Topical Term Jews
Topical Term Judaism
856 40 - ELECTRONIC LOCATION AND ACCESS
Uniform Resource Identifier http://site.ebrary.com/lib/rucke/Doc?id=10124835

No items available.

© 2026 Rongo University
Contact us: librarian | system librarian | Rongo university